Finance & development

Guardado en:
Detalles Bibliográficos
Formato: Seriadas
Lenguaje:inglés
Publicado: Washington International Monetary Fund 2007
Materias:
Etiquetas: Agregar Etiqueta
Sin Etiquetas, Sea el primero en etiquetar este registro!

MARC

LEADER 00000nas2a2200000 4500
001 0129607
005 20110521093737.0
022 |a 0015-1947 
041 0 |a eng 
044 |a US 
245 1 0 |a Finance & development 
264 1 |a Washington  |b International Monetary Fund  |c 2007 
773 0 |w eu_un_cat*s120169 
610 2 0 |a financie 
610 2 0 |a banky 
610 2 0 |a Medzinárodný menový fond